| 000 | 00384nam a2200133Ia 4500 | ||
|---|---|---|---|
| 001 | 4174 | ||
| 008 | 241024s9999 xx 000 0 und d | ||
| 082 | _aRD/863.44/R129c/2015 | ||
| 100 | _aRadio Santa María | ||
| 245 | 0 | _a22 Concurso de cuentos de Radio Santa María. Ganadores 2015 | |
| 260 |
_bEdiciones Radio Santa María _c2015 |
||
| 901 | _a18/8/2016 12:40:02 p.m. | ||
| 999 |
_c7792 _d7792 |
||